UBT Library

Bashkimi Evropian : (Record no. 313)

000 -LEADER
fixed length control field 00733nam a22002297a 4500
008 - FIXED-LENGTH DATA ELEMENTS--GENERAL INFORMATION
fixed length control field 131114b xxu||||| |||| 00| 0 alb d
020 ## - INTERNATIONAL STANDARD BOOK NUMBER
International Standard Book Number 9992777141
041 0# - LANGUAGE CODE
Language code of text/sound track or separate title alb
080 ## - UNIVERSAL DECIMAL CLASSIFICATION NUMBER
Universal Decimal Classification number 339.928
Common auxiliary subdivision (4)
100 1# - Rafti
Rafti Milo, Paskal
245 10 - TITLE STATEMENT
Title Bashkimi Evropian :
Statement of responsibility, etc Paskal Milo.
260 ## -
-- Tiranë :
-- "Albaper" ;
-- [2002].
300 ## -
-- 392 f. ;
-- 21 cm.
500 ## -
-- Parathënie : f. 5-7
505 ## -
-- Indeksi : f. 365-378
505 ## -
-- Bibliografia : f. 379-391
650 #0 -
-- Bashkimi Evropian
-- Integrimi ekonomik
650 #0 -
-- Evropa
-- Marrëdhënie me jashtë
-- Kosovë
650 #0 -
-- Evropa
-- Marrëdhënie me jashtë
-- Shqipëri
650 #0 -
-- Çështja e Kosovës
942 ## - ADDED ENTRY ELEMENTS (KOHA)
Source of classification or shelving scheme
Item type Books
Holdings
Withdrawn status Lost status Source of classification or shelving scheme Damaged status Not for loan Collection code Permanent location Current location Shelving location Date acquired Total Checkouts Full call number Barcode Date last seen Koha item type
          Koleksioni i përgjithshem UBT - Prishtine UBT - Prishtine Koleksioni i përgjithshem 11/14/2013   339.928(4) MIL 001-000404 11/14/2013 Books
          Koleksioni i përgjithshem UBT - Prishtine UBT - Prishtine Koleksioni i përgjithshem 11/14/2013   339.928(4) MIL 001-000403 11/14/2013 Books
          Koleksioni i përgjithshem UBT - Prishtine UBT - Prishtine Koleksioni i përgjithshem 11/14/2013   339.928(4) MIL 001-000402 11/14/2013 Books
          Koleksioni i përgjithshem UBT - Prishtine UBT - Prishtine Koleksioni i përgjithshem 11/14/2013   339.928(4) MIL 001-000401 11/14/2013 Books
          Koleksioni i përgjithshem UBT - Prishtine UBT - Prishtine Koleksioni i përgjithshem 11/14/2013   339.928(4) MIL 001-000400 11/14/2013 Books
UBT Library © 2015-2024. All rights reserved University Education for Business and Technology